| 000 | 00444nam a22001697a 4500 | ||
|---|---|---|---|
| 999 |
_c527090 _d527090 |
||
| 003 | NUST | ||
| 020 | _qHBK | ||
| 038 | _aFaiza | ||
| 082 |
_a891.421 _bCHU |
||
| 100 |
_aChoudhary, Masood _918185 |
||
| 245 |
_aSaanjh Dukhaan di / _cMasood Chaudhary |
||
| 260 |
_a Lahore : _bPunjabi Markaz, _c2006. |
||
| 300 | _a144 p. ; | ||
| 880 |
_6100-01\r _aمسعود چودھری |
||
| 880 |
_6245-02\r _aسانجھ دکھاں دی / |
||
| 942 |
_2ddc _cBK |
||